| 000 | 00522nam a22001817a 4500 | ||
|---|---|---|---|
| 005 | 20260309071452.0 | ||
| 008 | 260309b ||||| |||| 00| 0 eng d | ||
| 020 | _a9788192406015 | ||
| 082 | _a610.7368 KAP | ||
| 100 | _a Kapoor, Bimla. | ||
| 245 |
_aA textbook of psychiatric nursing : _cvol. - II : _b3rd edition. |
||
| 250 | _a3rd ed. | ||
| 260 |
_aNew Delhi : _bKumar Publishing House ; _c2024. |
||
| 300 |
_a492 p. _c26 cm. |
||
| 500 | _aIncludes index. | ||
| 650 | _aPsychiatric nursing. | ||
| 942 |
_2ddc _cMAIN |
||
| 999 |
_c10544 _d10545 |
||